| 000 | 01390nam a2200193Ia 4500 | ||
|---|---|---|---|
| 003 | OSt | ||
| 005 | 20251125134214.0 | ||
| 008 | 210518s2015 xx 000 0 und d | ||
| 040 |
_beng _cnls |
||
| 100 | _aMr. Gurusamy K | ||
| 245 |
_aInvestor Protection in the Secondary Market: Role of Regulatory Authorities: _bA Critical Study |
||
| 260 |
_aBangalore _bNLSIU _c2015 |
||
| 300 | _a285p | ||
| 505 | _aTable of Contents Acknowledgements; List of Tables; List of Charts; List of Pictures; List of Annexure; List of Abbreviations; Overview of thesis; 1. Investor protection in the securities market; 1.1. Overview of the Securities Market; 1.2. Regulatory Regime in the Secondary Market; 1.3. Investors Protection & Corporate Governance; 2. Insider Trading and its Impact on the protection of investors; 3. Buyback of shares and the Protection of the Interest of Investors; 4. Delisting of shares and its impact on investors; 5. Conclusion; 5.1. Summary; 5.2. Suggestions; 5.3. Conclusion; Bibliography; List of Decided Cases; Appendix I – Annexure; Appendix II – Charts; Appendix III – Pictures; Appendix IV –Tables. | ||
| 520 |
_aByeback of Shares _aInsider Trading - Protection of Investors _aInvestors Protection - Security Market |
||
| 700 | _aDr. R Venkata Rao - Guide | ||
| 856 | _uhttps://dans.nls.ac.in/handle/123456789/530 | ||
| 942 |
_2ddc _cTH |
||
| 999 |
_c111216 _d111216 |
||